000
00323pab a2200145 454500
008
180718b1995 xxu||||| |||| 00| 0 eng d
100
_a
Sahay, S.
245
_a
Cut to size
260
_c
1995
300
_a
p.12
362
_a
24 Jul
650
_a
Election officials - India
773
_a
Hindustan Times
909
_a
29867
999
_c
29867
_d
29867